Tabellen zum Mikrorechnersystem U 880 - Z 80

Enregistré dans:
Détails bibliographiques
Auteur principal: Völz, Horst
Format: Livre
Langue:allemand
Publié: Berlin Akademie 1986
Édition:1. Aufl.
Tags: Ajouter un tag
Pas de tags, Soyez le premier à ajouter un tag!

MARC

LEADER 00000nam a2200000 4500
001 c034247
005 20221220073013.1
041 0 |a ger 
044 |a DE 
245 1 0 |a Tabellen zum Mikrorechnersystem U 880 - Z 80  |c Horst Völz 
250 |a 1. Aufl. 
264 1 |a Berlin  |b Akademie  |c 1986 
300 |a 27 s. 
100 1 |a Völz, Horst